Stedman's medical dictionary

שמור ב:
מידע ביבליוגרפי
פורמט: ספר
שפה:Undetermined
יצא לאור: Baltimore Waverly 1961
נושאים:
תגים: הוספת תג
אין תגיות, היה/י הראשונ/ה לתייג את הרשומה!
Thư viện lưu trữ: Trung tâm Học liệu Trường Đại học Cần Thơ
LEADER 00431nam a2200157Ia 4500
001 CTU_19664
008 210402s9999 xx 000 0 und d
082 |a 610.3 
082 |b S812 
245 0 |a Stedman's medical dictionary 
260 |a Baltimore 
260 |b Waverly 
260 |c 1961 
650 |a medical dictionaries 
904 |i Nguyễn Quang Điền, 960601 
980 |a Trung tâm Học liệu Trường Đại học Cần Thơ